000 00886nam0a22002651 4500
001 rc\1050956
005 20250622092620.0
035 _a(NLR Aleph) 006212436
090 _a6382798
_c6382798
100 _a20041129d1981 |||y0rusy50 ca
101 0 _arus
102 _aRU
105 _aa |||||||||
200 1 _aНародное искусство Якутии
_e[Альбом
_fАвт.-сост. М.В. Хабарова]
210 _aЛ.
_cХудожник РСФСР
_d1981
215 _a144 с.
_cил., цв. ил.
_d28
300 _aНа обл. авт. не указан
300 _aРез. на англ. яз.
320 _aБиблиогр.: с. 135-136
700 1 _aХабарова
_bМ.В.
_gМаргарита Валериановна
801 0 _aRU
_bNLR
_gpsbo
801 1 _aRU
_bELAR
_2rusmarc
852 _aNLR
_bЭ
_jАлИс600-63/2-Я497
942 _cBOOK
980 _aNB